000 00660nam a2200253Ia 4500
008 170203s9999 xx 000 0 und d
020 _a9780746053102
050 _aFic
050 _bH341s
100 _aRawson, Christopher.
245 _aStories of wizards /
245 _cChristopher Rawson ; adapted by Gill Harvey ; illustrated by Stephen Cartwright.
260 _aEngland :
260 _bUsborne,
260 _c2002
300 _a48 pages :
300 _bcolor illustrations ;
300 _c20 cm.
440 _aUsborne young reading.
650 _aMagic --
650 _aWizards --
650 _xFiction.
650 _xFiction.
999 _c306463
_d306463